University Interscholastic League : performance review.

Bibliographic Details
Corporate Author: Texas. Comptroller's Office
Format: Government Document Book
Language:English
Published: [Austin, Tex.] : Comptroller of Public Accounts, [1994]
Subjects:

MARC

Tag First Indicator Second Indicator Subfields
LEADER 00000cam a2200000 a 4500
001 in00001225762
005 20151003050846.0
008 941031s1994 txu s000 0 eng d
035 |a (OCoLC)31383335 
035 |9 AGR1139AM 
040 |a IKM  |c IKM  |d TXA  |d UtOrBLW 
049 |a TXAO 
086 |a C2600.8 UN3IN  |2 txdocs 
110 1 |a Texas.  |b Comptroller's Office. 
245 1 0 |a University Interscholastic League :  |b performance review. 
264 1 |a [Austin, Tex.] :  |b Comptroller of Public Accounts,  |c [1994] 
300 |a vi, 62 pages :  |b illustrations ;  |c 28 cm. 
336 |a text  |b txt  |2 rdacontent 
337 |a unmediated  |b n  |2 rdamedia 
338 |a volume  |b nc  |2 rdacarrier 
500 |a "New ways to govern Texas"--Cover. 
610 2 0 |a University Interscholastic League (Tex.)  |x Evaluation. 
650 0 |a Student activities  |z Texas. 
740 0 |a New ways to govern Texas. 
999 |a MARS 
999 f f |s a8613f3e-9150-3c14-94af-d2560c119ab1  |i 4729b3dd-afdf-31cd-9153-86321d55526e  |t 0 
952 f f |p normal  |a Texas A&M University  |b College Station  |c Sterling C. Evans Library  |d Evans: Texas Documents (Annex 5th floor)  |t 0  |e C2600.8 UN3IN  |h Superintendent of Documents classification  |i unmediated -- volume  |m A14817765294 
998 f f |a C2600.8 UN3IN  |t 0  |l Evans: Texas Documents (Annex 5th floor)